Hội làng Thăng Long - Hà Nội

Giới thiệu hội đền Sa Lãng, hội thôn Thái Bình, hội làng Thọ Lão, hội làng Bồng Mạc, lễ hội Giá, hội thọ Vực, hội làng Yên Mạc, hội làng Tiên Hội, hội làng Xuân Trạch, hội làng Dăm, hội chùa Đồng Bụt, hội làng Thanh Am, hội bơi Thưo...

Ful tanımlama

Kaydedildi:
Detaylı Bibliyografya
Yazar: Lê, Trung Vũ
Materyal Türü: Kitap
Dil:Undetermined
Baskı/Yayın Bilgisi: Hà Nội Thanh niên 2011
Konular:
Etiketler: Etiketle
Etiket eklenmemiş, İlk siz ekleyin!
Thư viện lưu trữ: Trung tâm Học liệu Trường Đại học Cần Thơ
LEADER 01031nam a2200205Ia 4500
001 CTU_170648
008 210402s9999 xx 000 0 und d
082 |a 394.26959731 
082 |b V500/T.3 
100 |a Lê, Trung Vũ 
245 0 |a Hội làng Thăng Long - Hà Nội 
245 0 |c Lê Trung Vũ chủ biên 
260 |a Hà Nội 
260 |b Thanh niên 
260 |c 2011 
520 |a Giới thiệu hội đền Sa Lãng, hội thôn Thái Bình, hội làng Thọ Lão, hội làng Bồng Mạc, lễ hội Giá, hội thọ Vực, hội làng Yên Mạc, hội làng Tiên Hội, hội làng Xuân Trạch, hội làng Dăm, hội chùa Đồng Bụt, hội làng Thanh Am, hội bơi Thượng Cát, hội đình Vẽ, lễ hội làng Canh... 
650 |a Folk festivals,Lễ hội dân gian 
650 |z Vietnam,Việt Nam 
904 |i Trọng Hải 
980 |a Trung tâm Học liệu Trường Đại học Cần Thơ